ბათუმის შოთა რუსთაველის სახელმწიფო უნივერსიტეტის ბიბლიოთეკა

წმინდა გონების კრიტიკა / (ბიბ.ჩანაწერი № 36320)

000 -ლიდერი
ფიქსირებული სიგრძის საკონტროლო ველი 01242nam a2200253Ia 4500
001 - საკონტროლო ნომერი
საკონტროლო ველი 2227
003 - საკონტროლო ნომრის იდენტიფიკატორი
საკონტროლო ველი GE_BSU
005 - ბოლო ოპერაციის თარიღი და დრო
საკონტროლო ველი 20190506121454.0
008 - ფიქსირებული სიგრძის მონაცემთა ელემენტები - ზოგადი ინფორმაცია
ფიქსირებული სიგრძის საკონტროლო ველი 181216s1979||||ge |||||||||||||| ||geo||
040 ## - კატალოგიზაციის წყარო
Transcribing agency GE_BSU
041 ## - ენის კოდი
Language code of text/sound track or separate title geo
080 ## - უნივერსალური ათობითი კლასიფიკაციის ინდექსი
Universal Decimal Classification number 1+165+167.2/3+162.2 კ–23
100 ## - მთავარი ჩანაწერი - პიროვნების სახელი
Personal name კანტი, იმანუელ;
Numeration 1724-1804
Titles and other words associated with a name ფილოსოფოსი,
9 (RLIN) 757
245 ## - ცნობა სათაურის შესახებ
Title წმინდა გონების კრიტიკა /
Statement of responsibility, etc იმანუელ კანტი ; მთრ.: შალვა პაპუაშვილი ; რედ.: გურამ თევზაძე.
245 ## - ცნობა სათაურის შესახებ
Statement of responsibility, etc [რედ. გ. თევზაძე]
264 ## - წარმოების, გამოცემის, დისტრიბუციის და სხვა ცნობები
გამოცემის, წარმოების, დისტრიბუციის... ადგილი თბილისი :
გამოცემის, წარმოების, დისტრიბუციის... სახელწოდება თბილისის უნვერსიტეტის გამომცემლობა,
გამოცემის, წარმოების, დისტრიბუციის... თარიღი 1979.
300 ## - ფიზიკური აღწერა
Extent 532 გვ.
Other physical details 26 სმ.
653 ## - INDEX TERM--UNCONTROLLED
Uncontrolled term შემეცნების თეორია
653 ## - INDEX TERM--UNCONTROLLED
Uncontrolled term სინთეზური მსჯელობა
653 ## - INDEX TERM--UNCONTROLLED
Uncontrolled term მეტაფიზიკა
700 ## - ADDED ENTRY--PERSONAL NAME
Personal name პაპუაშვილი, შალვა
Relator term მთარგმნელი
9 (RLIN) 758
700 ## - ADDED ENTRY--PERSONAL NAME
Personal name თევზაძე, გურამ
Relator term რედაქტორი
9 (RLIN) 759
942 ## - ADDED ENTRY ELEMENTS (KOHA)
Koha item type წიგნი
Source of classification or shelving scheme
ეგზემპლარები
ჩამოწერის სტატუსი დაკარგული ეგზემპლარის სტატუსი კლასიფიკაციის წყარო ან თაროზე გაწყობის სქემა დაზიანების სტატუსი არ გაიცემა მუდმივი მდებარეობა (დაცვის ადგილი) ამჟამინდელი ადგილსამყოფელი თაროზე განთავსების ადგილი შეძენის თარიღი ღირებულება, შესყიდვის ნორმალური ფასი სრული შენახვის შიფრი შტრიხკოდი ბოლო ოპერაციის თარიღი ეგზემპლარის მიმდევრობითი ნომერი (კეტერი?) ფასის ძალაში შესვლის თარიღი ეგზემპლარის სახეობა საჯარო შენიშვნა
          ბათუმის შოთა რუსთაველის სახელმწიფო უნივერსიტეტის მთავარი ბიბლიოთეკა ბათუმის შოთა რუსთაველის სახელმწიფო უნივერსიტეტის მთავარი ბიბლიოთეკა წიგნსაცავი 2018-12-17 30.00 1+165+167.2/3+162.2 კ–23 4149 2018-12-17 4149 2018-12-17 წიგნი 30 ლ.
          ბათუმის შოთა რუსთაველის სახელმწიფო უნივერსიტეტის მთავარი ბიბლიოთეკა ბათუმის შოთა რუსთაველის სახელმწიფო უნივერსიტეტის მთავარი ბიბლიოთეკა წიგნსაცავი 2022-10-11 9.40 1+165+167.2/3+162.2 კ–23 28656 2022-10-11 28656 2022-10-11 წიგნი 9 ლ. 40 თ.